Normal view
MARC view
Entry Personal Name
001 - CONTROL NUMBER
- control field: 122829
003 - CONTROL NUMBER IDENTIFIER
- control field:
005 - DATE AND TIME OF LATEST TRANSACTION
- control field: 20210601185235.0
008 - FIXED-LENGTH DATA ELEMENTS
- fixed length control field: 210601|| aca||aabn | a|a d
040 ## - CATALOGING SOURCE
- Original cataloging agency:
- Transcribing agency:
100 ## - HEADING--PERSONAL NAME
- Personal name: Cowper, William
- Dates associated with a name: 1731-1800
- Title of a work: The task
670 ## - SOURCE DATA FOUND
- Source citation: Work cat.: (): Feingold, Richard 1938 - 122828, Nature and society:, c1978
